000 nam a22 a 4500
999 _c1347
_d1347
003 AKMAL
005 20170509112220.0
008 170509s1998 my 00 may d
020 _a9676108006 (kkt.):
_cRM 12.00
040 _aAKMAL
082 0 4 _a303.69 ABD
090 0 0 _a303.69
_bABD
100 0 _aAbdullah Hassan,
_d1942-
_9341
245 1 0 _aMenyelesaikan konflik /
_cAbdullah Hassan & Ainon Mohd.
260 _aKuala Lumpur :
_bUtusan Publications & Distributors,
_c1998
300 0 0 _a152ms. ;
_c22cm
650 0 _aConflict management
_92640
700 0 _aAinon Muhammad,
_d1950-
_9343
942 _2ddc
_cBOOK